[Event "Amposta Balague Memorial 2nd"]
[Site "Amposta"]
[Date "2015.07.15"]
[Round "1"]
[White "Rodriguez Marin, Jose"]
[Black "Camarena Gimenez, Rufino"]
[Result "0-1"]
[WhiteElo "1789"]
[BlackElo "2378"]
[PlyCount "66"]
[EventDate "2015.07.15"]
[EventType "swiss"]
[EventRounds "9"]
[EventCountry "ESP"]
[SourceTitle "CBM 167 Extra"]
[Source "ChessBase"]
[SourceDate "2015.09.14"]
[SourceVersion "1"]
[SourceVersionDate "2015.09.14"]
[SourceQuality "1"]

1. d4 Nf6 2. c4 c5 3. d5 e6 4. Nc3 exd5 5. cxd5 d6 6. e4 g6 7. Nf3 a6 8. a4 Bg4 9. h3 Bxf3 10. Qxf3 Bg7 11. g4 0-0 12. Bd3 Nbd7 13. Qg3 Re8 14. 0-0 c4 15. Bc2 Nc5 16. f3 Nfd7 17. Be3 Rc8 18. g5 Qb6 19. Rab1 Qb4 20. Na2 Qa5 21. Qe1 Qxe1 22. Rfxe1 Ne5 23. Kg2 Ned3 24. Bxd3 Nxd3 25. Re2 b5 26. axb5 axb5 27. b3 c3 28. Rc2 Ra8 29. Kf1 Rec8 30. b4 Rc4 31. Ke2 Nb2 32. Nc1 Rxb4 33. Nd3 Nxd3 0-1

[Event "Torredembarra op 14th"]
[Site "Torredembarra"]
[Date "2012.06.30"]
[Round "1"]
[White "Gonzalez Rodriguez, Jorge Armando"]
[Black "Rodriguez Marin, Jose"]
[Result "1-0"]
[WhiteElo "2398"]
[BlackElo "1801"]
[PlyCount "69"]
[EventDate "2012.06.30"]
[EventType "swiss"]
[EventRounds "9"]
[EventCountry "ESP"]
[SourceTitle "EXT 2013"]
[Source "ChessBase"]
[SourceDate "2012.11.22"]
[SourceVersion "1"]
[SourceVersionDate "2012.11.22"]
[SourceQuality "1"]

1. c4 e5 2. Nc3 Nf6 3. g3 Nc6 4. Bg2 Nd4 5. e3 Ne6 6. d4 d6 7. Nge2 Be7 8. d5 Nc5 9. b4 Ncd7 10. a3 a5 11. Bd2 Nf8 12. e4 c6 13. 0-0 h5 14. h3 h4 15. g4 cxd5 16. exd5 N6h7 17. Ne4 f5 18. gxf5 Bxf5 19. N2c3 axb4 20. axb4 Rxa1 21. Qxa1 Qc8 22. Kh2 g5 23. c5 Bxe4 24. Nxe4 Ng6 25. cxd6 Bd8 26. Qa4+ Qd7 27. Qxd7+ Kxd7 28. Nc5+ Kc8 29. Ra1 Kb8 30. Be4 Nf4 31. Nd7+ Kc8 32. Bf5 b6 33. Nxe5+ Kb7 34. Bxf4 Bf6 35. Bd7 1-0